Constitucion política del estado de Querétaro, sancionada por su Congreso Constituyente el 12 de agosto de 1825

Detalles Bibliográficos
Autor Corporativo: Querétaro (México). Leyes, decretos, etc
Formato: Libro
Lenguaje:Spanish
Publicado: Mexico : imprenta de la Aguila, 1825.
Materias:
Colección:Banco de datos
Acervo:Seminario Conciliar de Nuestra Señora de Guadalupe Querétaro. Qro.. Biblioteca Florencio Rosas. Fondo Histórico
Descripción Física:70 p. ; 14 cm.
Tema general:Derecho constitucional
Notas:Texto con signaturas. Encuadernación en piel estilo clásico. Sello en tinta de la Biblioteca del Seminario Conciliar, Querétaro, Qro. Daños de humedad
LEADER 00783nam a22001690004500
035 |a 6318 
041 0 |a spa 
110 1 |a Querétaro (México). Leyes, decretos, etc. 
245 1 0 |a Constitucion política del estado de Querétaro, sancionada por su Congreso Constituyente el 12 de agosto de 1825 
260 |a Mexico : imprenta de la Aguila, 1825.  
300 |a 70 p. ; 14 cm.  
500 |a Texto con signaturas. Encuadernación en piel estilo clásico. Sello en tinta de la Biblioteca del Seminario Conciliar, Querétaro, Qro. Daños de humedad 
650 1 0 |a Derecho constitucional 
949 |a Fondo Histórico: 14703  
942 |c Q.R.H.T 
943 |g Seminario Conciliar de Nuestra Señora de Guadalupe Querétaro. Qro.. Biblioteca Florencio Rosas. Fondo Histórico 
999 |c 1087773  |d 1087773